000
00296nam a22001337a 4500
003
SGT
082
_a
616.024
_b
W17K
100
_a
KOLLEF,MARIN
245
_a
THE WASHINGTON MANUAL OF CRITICAL CARE
250
_a
2ND
260
_a
INDIA
_b
WOLTER KLUWER
_c
2017
300
_a
703
942
_2
ddc
_c
BK
_0
1
999
_c
14345
_d
14345